000 00677 a2200193 4500
020 _a0444514473
020 _a9780444514479
082 0 4 _a515.35
090 _c712
_d712
100 1 _aMennicken, R.
245 1 0 _aNon-self-adjoint boundary eigenvalue problems.
_nVolume 192 /
_cR. Mennicken, M. Möller.
260 _a[S.l.] :
_bNorth Holland,
_c2003.
300 _a518 p. ;
_c25 cm.
490 _aNorth-holland mathematics studies.
700 _aMennicken, R.
830 1 _aMöller, M. 0
_aNorth-holland mathe
942 _aSNS
_cBK
_k515.35 MEN
999 _c29341
_d29341